000 00718nam a2200205Ia 4500
003 GCL
008 140319s9999 xx 000 0 ara d
040 _aGCL /
_cGCL
082 0 4 _a020
_bن د
100 1 _aنوزت ابولبن
245 1 0 _aدراسات فى علم المكتبات والمعلومات من التراث العربى الاسلامى /
_cنوزت ابولبن
250 _aالاولى
260 _aالاردن :
_bدار صفاء للنشر والتوزيع ،
_c2005
300 _a229 ص ؛
_c24 سم
650 0 4 _aالتراث العربى
650 0 4 _aالمكتبات، علم
650 0 4 _aالمعلومات، علم
650 0 4 _aالمكتبات - تاريخ
942 _2ddc
_cBK
999 _c8465
_d8465